The Arab movements in World War I

Αποθηκεύτηκε σε:
Λεπτομέρειες βιβλιογραφικής εγγραφής
Κύριος συγγραφέας: Tauber, Eliezer
Μορφή: Βιβλίο
Γλώσσα:English
Δημοσίευση: London : Frank Cass, 1993
Θέματα:
Ετικέτες: Προσθήκη ετικέτας
Δεν υπάρχουν, Καταχωρήστε ετικέτα πρώτοι!

MARC

LEADER 00000nam a2200000 i 4500
001 1/6226
008 960625s1993 eng d
020 |a 0-7146-4083-2 
035 |l 10016280 
040 |a GR-MY-UA  |b gre  |e aacr 
041 0 |a eng 
082 0 |a 909.0974927 
100 1 |a Tauber, Eliezer. 
245 1 4 |a The Arab movements in World War I /  |c Eliezer Tauber 
260 |a London :   |b Frank Cass,   |c 1993 
300 |a 322 p. 
504 |a Includes bibliographical references and index 
651 0 |a Arab countries  |x History  |y Arab Revolt, 1916-1918. 
852 |a INST  |b LESVOS  |e 19960625  |h 909.0974927 TAU  |p 005100009791  |q 005100009791  |t BK  |y 0 
909 |a Λ  |b 044403